|
|
|
|
| LEADER |
01059nam a2200289 a 4500 |
| 001 |
1372 |
| 003 |
BD-DhAAL |
| 005 |
20150216091237.0 |
| 008 |
150216s1993 ilua b 001 0 eng |
| 010 |
|
|
|a 92061957
|
| 020 |
|
|
|a 0875813690
|
| 040 |
|
|
|a DLC
|c DLC
|d BD-DhAAL
|
| 050 |
0 |
0 |
|a HM51
|b .K33 1993
|
| 082 |
0 |
0 |
|a 301
|2 20
|
| 100 |
1 |
|
|a Karp, David Allen,
|d 1944-
|9 8473
|
| 245 |
1 |
0 |
|a Sociology in everyday life /
|c David A. Karp, William C. Yoels.
|
| 260 |
|
|
|a Itasca, Ill. :
|b F.E. Peacock,
|c c1993.
|
| 300 |
|
|
|a xiii, 370 p. :
|b ill. ;
|c 24 cm.
|
| 500 |
|
|
|a Rev. ed. of: Sociology and everday life. c1986.
|
| 504 |
|
|
|a Includes bibliographical references and indexes.
|
| 541 |
|
|
|e 1372
|
| 650 |
|
0 |
|a Sociology.
|9 8474
|
| 700 |
1 |
|
|a Yoels, William C.
|9 8475
|
| 700 |
1 |
|
|a Karp, David Allen,
|d 1944-
|t Sociology and everday life.
|9 8476
|
| 942 |
|
|
|2 ddc
|c BK
|
| 999 |
|
|
|c 33710
|d 33710
|
| 952 |
|
|
|0 0
|1 0
|2 ddc
|4 0
|6 301_000000000000000_KAR
|7 0
|9 52650
|a SCL
|b SCL
|c GEN
|d 2015-02-16
|e Gift: The Asia Foundation
|l 1
|o 301 KAR
|p 3020001372
|r 2017-07-10
|s 2017-07-08
|t 1
|w 2015-02-16
|y BK
|